Govt. of
Madhya Pradesh

Art of Journalism (Record no. 14459)

MARC details
000 -LEADER
fixed length control field 003550000a22001570004500
001 - CONTROL NUMBER
control field 002549
003 - CONTROL NUMBER IDENTIFIER
control field MACL
040 ## - CATALOGING SOURCE
Original cataloging agency MACL
090 ## - LOCALLY ASSIGNED LC-TYPE CALL NUMBER (OCLC); LOCAL CALL NUMBER (RLIN)
-- 14542
-- 14541
100 ## - MAIN ENTRY--PERSONAL NAME
Personal name Puri, Manohar
245 ## - TITLE STATEMENT
Title Art of Journalism
Statement of responsibility, etc. Manohar Puri
260 ## - PUBLICATION, DISTRIBUTION, ETC. (IMPRINT)
Place of publication, distribution, etc. Pragun Publications,
Date of publication, distribution, etc. 2006
350 ## - PRICE (NR) (BK AM CF MU VM SE) [OBSOLETE]
Price 950
650 ## - SUBJECT ADDED ENTRY--TOPICAL TERM
Topical term or geographic name as entry element Journalism,Publishing newspaper
942 ## - ADDED ENTRY ELEMENTS (KOHA)
Call number prefix 70
Koha item type Library Membar
Holdings
Withdrawn status Lost status Source of classification or shelving scheme Damaged status Not for loan Home library Current library Date acquired Cost, normal purchase price Total Checkouts Full call number Barcode Date last seen Uniform Resource Identifier Price effective from Koha item type
          MACL MACL 15/04/2015 950.00   070 PUR CRE020994 02/05/2024 14344 15/04/2015 Books